LEADER 01135nam0 2200289 450 001 000042406 005 20160725123901.0 010 $a978-88-481-3150-6 100 $a20160725d2016----km-y0itaa50------ba 101 0 $aita 102 $aIT 200 1 $aManuale delle preparazioni galeniche$earte del preparare e attrezzature per oltre 1500 formulazioni magistrali, officinali, fitoterapiche e omeopatiche$fFranco Bettiol 210 $aMilano$cTecniche nuove$d2016 215 $aXX, 696 p.$cill.$d24 cm 225 2 $aTecnica farmaceutica & cosmetica 410 0$12001$aTecnica farmaceutica & cosmetica 606 1 $aPreparati galenici 676 $a615.4$v(22. ed.)$9Preparazione delle ricette 700 1$aBettiol,$bFranco$0445348 801 0$aIT$bUniversità della Basilicata - B.I.A.$gREICAT$2unimarc 912 $a000042406 996 $aManuale delle preparazioni galeniche$995944 997 $aUNIBAS BAS $aSCIENZE CAT $aTTM$b30$c20160725$lBAS01$h1239 FMT Z30 -1$lBAS01$LBAS01$mBOOK$1BASA2$APolo Tecnico-Scientifico$2DID$BDidattica$3PTS.d1.114691$6114691$5T114691$820160725$f04$FPrestabile Didattica LEADER 00816cam2 22002651 450 001 SOBE00046312 005 20150605083137.0 010 $a0194327191 100 $a20150313d1981 |||||ita|0103 ba 101 $aeng 102 $aGB 200 0 $a1$fJennifer Seidl 210 $aOxford$cOxford University Press$d1981 215 $a156 p.$d21 cm 461 1$1001E600200008734$12001 $aGrammar in practice / Jennifer Seidl 700 1$aSeidl$b, Jennifer$3A600200029855$4070$0245329 801 0$aIT$bUNISOB$c20150605$gRICA 850 $aUNISOB 852 $aUNISOB$j820$m124696 912 $aSOBE00046312 940 $aM 102 Monografia moderna SBN 941 $aM 957 $a820$b002584$i-1$gSI$d124696$tN$1cutolo$2UNISOB$3UNISOB$420150313091711.0$520150605083137.0$6Alfano 996 $a1$91710591 997 $aUNISOB LEADER 03724nam 2200685 a 450 001 9910973775303321 005 20240418054031.0 010 $a9786612916427 010 $a9781282916425 010 $a1282916424 010 $a9780299248239 010 $a0299248232 035 $a(CKB)2560000000055518 035 $a(OCoLC)699519531 035 $a(CaPaEBR)ebrary10432119 035 $a(SSID)ssj0000439457 035 $a(PQKBManifestationID)11273908 035 $a(PQKBTitleCode)TC0000439457 035 $a(PQKBWorkID)10465223 035 $a(PQKB)10173797 035 $a(MiAaPQ)EBC3445131 035 $a(MdBmJHUP)muse12025 035 $a(Au-PeEL)EBL3445131 035 $a(CaPaEBR)ebr10432119 035 $a(CaONFJC)MIL291642 035 $a(Perlego)4510082 035 $a(EXLCZ)992560000000055518 100 $a20100323d2011 uy 0 101 0 $aeng 135 $aurcn||||||||| 181 $ctxt 182 $cc 183 $acr 200 14$aThe matter of the page $eessays in search of ancient and medieval authors /$fShane Butler 205 $a1st ed. 210 $aMadison, Wis. $cUniversity of Wisconsin Press$dc2011 215 $a1 online resource (174 p.) 225 1 $aWisconsin studies in classics 300 $aBibliographic Level Mode of Issuance: Monograph 311 08$a9780299248246 311 08$a0299248240 320 $aIncludes bibliographical references and index. 327 $aIntro -- Contents -- Acknowledgments -- Introduction: Presenting the Author -- The Backward Glance -- Myself Sick -- Latin Decomposition -- The Erasable Cicero -- The Surface of the Page -- The Folded Page -- Notes -- Bibliography -- Index -- Index Locorum. 330 $aAncient and medieval literary texts often call attention to their existence as physical objects. Shane Butler helps us to understand why. Arguing that writing has always been as much a material struggle as an intellectual one, The Matter of the Page offers timely lessons for the digital age about how creativity works and why literature moves us. Butler begins with some considerations about the materiality of the literary text, both as a process (the draft) and a product (the book), and he traces the curious history of "the page" from scroll to manuscript codex to printed book and beyond. He then offers a series of unforgettable portraits of authors at work: Thucydides struggling to describe his own diseased body; Vergil ready to burn an epic poem he could not finish; Lucretius wrestling with words even as he fights the madness that will drive him to suicide; Cicero mesmerized by the thought of erasing his entire career; Seneca plumbing the depths of the soul in the wax of his tablets; and Dhuoda, who sees the book she writes as a door, a tunnel, a womb. Butler reveals how the work of writing transformed each of these authors into his or her own first reader, and he explains what this metamorphosis teaches us about how we too should read. All Greek and Latin quotations are translated into English and technical matters are carefully explained for general readers, with scholarly details in the notes. 410 0$aWisconsin studies in classics. 606 $aClassical literature$xCriticism, Textual 606 $aLiterature, Medieval$xCriticism, Textual 606 $aAuthorship 615 0$aClassical literature$xCriticism, Textual. 615 0$aLiterature, Medieval$xCriticism, Textual. 615 0$aAuthorship. 676 $a880.091 700 $aButler$b Shane$f1970-$01811353 801 0$bMiAaPQ 801 1$bMiAaPQ 801 2$bMiAaPQ 906 $aBOOK 912 $a9910973775303321 996 $aThe matter of the page$94363169 997 $aUNINA